| 000 | 00596nam a2200169Ia 4500 | ||
|---|---|---|---|
| 008 | 090201s9999 xx 000 0 und d | ||
| 010 | _aKPL-24631 | ||
| 040 | _bमराठी | ||
| 041 | _aमराठी | ||
| 082 |
_a45110 _b24631 |
||
| 100 | _aअरवींद गजेंद्र गडकर | ||
| 245 |
_aगम्मत ए. खुर्दा _cअरवींद गजेंद्र गडकर |
||
| 260 |
_c2005 _bश्रीविशाखा प्रकाशन |
||
| 300 |
_a108 _bमोठा |
||
| 600 | _aगम्मत ए. खुर्दा | ||
| 942 | _cBOOK | ||
| 999 |
_c242066 _d242066 |
||